| 000 | 00507nam a2200181Ia 4500 | ||
|---|---|---|---|
| 005 | 20250603145019.0 | ||
| 008 | 250603s9999 xx 000 0 und d | ||
| 020 | _a8121904625 | ||
| 050 | _aQK 711.2 .J346/ | ||
| 100 | _aJain, V. K. | ||
| 245 | 0 | _aFundamentals of plant physiology: for degree, post-graduate and various competitive examinations; with objective type questions | |
| 260 | _aNew Delhi | ||
| 260 | _bS. Chand | ||
| 260 | _c2007 | ||
| 300 | _a594 p | ||
| 650 | _aNew Delhi | ||
| 942 | _cBK | ||
| 999 |
_c40616 _d40616 |
||